History Quiz

Random History or War Quiz

US 1 History Quiz Stats

Quiz not verified by Sporcle

Challenge
Share
Tweet
Embed
Score 0/20 Timer 15:00
0 Plays Today
Topic/Person/Battle etc. Answer % Correct
Francis Scott KeyStar Spangled Banner
87.4%
Corrupt BargainHenry Clay made Secretary of state
32.9%
Cotton GinHarvest cotton
29.4%
John MarshallChief Justice of the Supreme Court
21.6%
Trail of TearsMarch of Indians
14.7%
Wo decided the Election of 1824House of Representatives
12.6%
The American SystemTariff, National Bank, Roads
5.6%
Why was being secretary of state important in the 1800s?Elected as President
5.6%
Whig PartyCreated to oppose Jackson
2.2%
Why were state banks problematic?printed their own money
0.9%
Topic/Person/Battle etc. Answer % Correct
RevivalismRevival in interest in god
0.9%
What started the industrial revolution in the U.S.?Factories and mills
0.4%
Era of Good FeelingsBitterness of Politics abated
0.4%
How were roads and canals Funded?toll
0.4%
Missouri Compromisecreated 36 30 line
0.4%
Monroe DoctrineEurope could not colonize the US
0.4%
PlatformsWhat you believe in
0.4%
Indian Removal ActTrade Indian Land east of mississippi with Land west of mississippi
0.4%
Doctrine of NullificationStates could void federal laws they viewed as unconstitutional
0.4%
What were Jackson's views on the National Bank?Monster
0.4%

You're not logged in!

Compare scores with friends on all Sporcle quizzes.
Sign Up with Email
OR
Log In

You Might Also Like...

Show Comments

Extras

Top Quizzes Today


Score Distribution

Your Account Isn't Verified!

In order to create a playlist on Sporcle, you need to verify the email address you used during registration. Go to your Sporcle Settings to finish the process.

Report this User

Report this user for behavior that violates our Community Guidelines.

Details: